[Event "3rd Alicante it"]
[Site "Alicante ESP"]
[Date "1975.12.15"]
[Round "9"]
[White "Pomar Salamanca, Arturo"]
[Black "Westerinen, Heikki"]
[Result "1-0"]
[WhiteElo "2450"]
[BlackElo "2475"]
[EventDate "1975.12.06"]
[Annotator "Pomar,Arturo"]
[PlyCount "37"]

1.e4 e6 2.d4 d5 3.exd5 ( {Planteando la variante del cambio. Antiguamente 
usaba la variante Tarrasch} 3.Nd2 {, pero en la actualidad la tengo algo 
olvidada.} ) 3...Qxd5 $6 {[Mi advers ario, debido a que le gusta complicar
las cosas desde los primeros momentos, efect ¿½a esta jugada dudosa de la 
que m ¿½s tarde se arrepentir ¿½. ]} 4.Nc3 Bb4 5.Nf3 ( {Aqu ¿½ medit ¿½ 
sobre la posibilidad} 5.a3 Bxc3+ 6.bxc3 {, que me dejaba con la pareja de 
alfiles, pero prefer ¿½ activar el desarrollo.} ) 5...Nf6 6.Bd3 Ne4 7.Bd2 
{[Mientras que las negras intentan debilitar el flanco de dama blanco, las
blancas completan r ¿½pidamente su desarrollo, y se adue@ollo, an del 
centro. ]} 7...Bxc3 ( {Si} 7...Nxd2 8.Qxd2 Bxc3 9.Qxc3 Nc6 10.O-O-O $1 $36
{, con iniciativa por parte de las blancas.} ) 8.bxc3 $1 ( {Ganando un 
importante tiempo con respecto a} 8.Bxc3 {.} ) 8...Nxd2 9.Qxd2 ( {Pr 
¿½cticamente forzado, ya que las blancas amagaban la jugada} 9.c4 {.} ) 
9...O-O 10.O-O Nd7 11.Rfe1 Qd6 {[Para intentar sacar el alfil por 
fianchetto; pero se avecina un fuerte ataque sobre el enroque negro. ]} 
12.Re4 Nf6 13.Rh4 b6 14.Qg5 {[Atacando de firme. La amenaza es 15.Axh7+ 
Cxh7 16.Dh5, con efectos decisivos. Las negras no disponen de una defensa 
satisfactoria. ]} 14...Bb7 15.Ne5 $1 ( {La jugada correcta. Un error ser 
¿½a} 15.Bxh7+ $2 {, debido a} 15...Nxh7 16.Qh5 Be4 $1 17.Rxe4 ( 17.Ng5 Bg6
$1 ) 17...Nf6 {y las negras estar ¿½an mejor.} ) 15...Qd5 ( {Tal vez era 
mejor} 15...Qd8 {, pero de cualquier forma la defensa de las negras ser 
¿½a sumamente dif ¿½cil.} ) 16.f3 h5 17.Rh3 ( {Aqu ¿½ ganaba igualmente} 
17.Be4 {, pues no servir ¿½a} 17...Nxe4 {por} 18.Qxh5 {, etc.} ) 17...Ng4 
18.Qxh5 Nh6 19.Rg3 ( 19.Rg3 {. Nada puede hacerse.} 19...Nf5 ( 19...Kh8 
20.Rxg7 ( {O bien} 20.Qg5 Rg8 21.Qxh6+ gxh6 22.Nxf7# ) ) 20.Bxf5 exf5 21.
Rh3 {y el mate ser ¿½a inevitable.} ) 1-0

[Event "3rd Alicante it"]
[Site "Alicante ESP"]
[Date "1975.12.15"]
[Round "9"]
[White "Sanz Alonso, Francisco Javier"]
[Black "Rodriguez Vargas, Orestes"]
[Result "1-0"]
[WhiteElo "2320"]
[BlackElo "2435"]
[EventDate "1975.12.06"]
[PlyCount "68"]

1.d4 Nf6 2.c4 c5 3.e3 g6 4.Nc3 Bg7 5.Nf3 O-O 6.dxc5 Na6 7.Be2 Nxc5 8.O-O 
d6 9.Nd4 d5 10.cxd5 Nxd5 11.Bd2 Nf4 12.Bf3 Nfd3 13.Rb1 e5 14.Nb3 Be6 15.
Nxc5 Nxc5 16.b4 Nd3 17.Qc2 Rc8 18.Bxb7 Rb8 19.Bf3 Nxb4 20.Qc1 Nxa2 21.Nxa2
Bxa2 22.Ra1 e4 23.Rxa2 exf3 24.gxf3 Qg5+ 25.Kh1 Qd5 26.Rxa7 Qxf3+ 27.Kg1 
Rfd8 28.Ra5 Rbc8 29.Qe1 Rc2 30.Bb4 Rc4 31.Rg5 Rg4+ 32.Rxg4 Qxg4+ 33.Kh1 
Qf3+ 34.Kg1 Rd5 {What happened? Maybe Black lost on time.} 1-0

[Event "3rd Alicante it"]
[Site "Alicante ESP"]
[Date "1975.12.15"]
[Round "9"]
[White "Tatai, Stefano"]
[Black "Fraguela Gil, Jose Miguel"]
[Result "1-0"]
[WhiteElo "2455"]
[BlackElo "2390"]
[EventDate "1975.12.06"]
[PlyCount "55"]

1.e4 Nf6 2.e5 Nd5 3.d4 d6 4.Nf3 Bg4 5.Be2 e6 6.O-O Be7 7.c4 Nb6 8.Nc3 O-O 
9.Be3 d5 10.c5 Bxf3 11.gxf3 Nc8 12.f4 Bh4 13.Bd3 f5 14.Kh1 Nc6 15.a3 N8e7 
16.Rg1 Ng6 17.b4 Nce7 18.Rg2 Rf7 19.Qh5 Kh8 20.Rag1 Kg8 21.Nb1 b6 22.Nd2 
bxc5 23.Nf3 c4 24.Bc2 Nc6 25.Rxg6 hxg6 26.Rxg6 Be7 27.Ba4 Qd7 28.Rg3 1-0

[Event "3rd Alicante it"]
[Site "Alicante ESP"]
[Date "1975.12.16"]
[Round "10"]
[White "Fraguela Gil, Jose Miguel"]
[Black "Keene, Raymond Dennis"]
[Result "0-1"]
[WhiteElo "2390"]
[BlackElo "2505"]
[EventDate "1975.12.06"]
[PlyCount "88"]

1.Nf3 Nf6 2.c4 d6 3.d4 Bg4 4.Nc3 g6 5.e4 Bxf3 6.Qxf3 Nc6 7.d5 Ne5 8.Qd1 
Bg7 9.Be2 O-O 10.O-O c6 11.Be3 a6 12.f4 Ned7 13.Qd2 Qa5 14.a3 cxd5 15.b4 
Qd8 16.cxd5 Rc8 17.Rac1 Nb6 18.Qa2 Rxc3 19.Rxc3 Nfxd5 20.exd5 Bxc3 21.Rc1 
Bg7 22.Bf3 Na4 23.Qb3 Qd7 24.Bd1 Nb2 25.Be2 Rc8 26.Rxc8+ Qxc8 27.b5 axb5 
28.Bxb5 Qf5 29.Qb4 Qxd5 30.Be2 Nd1 31.Bf3 Qe6 32.Bd2 Bc3 33.Qb1 Bd4+ 34.
Kf1 Ne3+ 35.Ke2 Nc4+ 36.Qe4 Qxe4+ 37.Bxe4 Nxd2 38.Kxd2 b6 39.Bc6 Bg1 40.h3
Kg7 41.Kd3 e6 42.a4 Bh2 43.Ke4 Kf8 44.g4 f5+ 0-1

[Event "3rd Alicante it"]
[Site "Alicante ESP"]
[Date "1975.12.16"]
[Round "10"]
[White "Ochoa de Echaguen Estibalez, Francisco Javier"]
[Black "Rodriguez Vargas, Orestes"]
[Result "1/2-1/2"]
[WhiteElo "2200"]
[BlackElo "2435"]
[EventDate "1975.12.06"]
[PlyCount "39"]

1.e4 c5 2.Nf3 Nc6 3.d4 cxd4 4.Nxd4 Nf6 5.Nc3 d6 6.Bg5 e6 7.Qd2 a6 8.O-O-O 
Bd7 9.f3 Be7 10.g4 Nxd4 11.Qxd4 Bc6 12.Be3 O-O 13.Qd2 b5 14.g5 Nd7 15.h4 
Nb6 16.Bd3 b4 17.Ne2 d5 18.Nd4 Bb7 19.Qe2 Na4 20.Nb3 1/2-1/2

[Event "3rd Alicante it"]
[Site "Alicante ESP"]
[Date "1975.12.16"]
[Round "10"]
[White "Palacios de la Prida, Ernesto"]
[Black "O'Kelly de Galway, Alberic"]
[Result "0-1"]
[WhiteElo "2330"]
[BlackElo "2445"]
[EventDate "1975.12.06"]
[PlyCount "86"]

1.e4 c5 2.f4 e6 3.d3 d5 4.Nd2 Nc6 5.c3 g6 6.Ngf3 Bg7 7.Be2 Nge7 8.O-O b6 
9.Rb1 a5 10.Qe1 Ba6 11.a3 a4 12.Qh4 dxe4 13.Nxe4 Nf5 14.Qf2 h5 15.h3 h4 
16.Rd1 Qc7 17.b4 axb3 18.Rxb3 Na5 19.Rb1 Bb7 20.Ne5 Bd5 21.Bg4 Nc6 22.Nc4 
Rb8 23.Bxf5 exf5 24.Ned6+ Kd7 25.Nb5 Qd8 26.Ne3 Ke7 27.Bb2 Kf8 28.c4 Be6 
29.Bxg7+ Kxg7 30.d4 cxd4 31.Nxd4 Nxd4 32.Rxd4 Qe7 33.Nd5 Bxd5 34.Rxd5 Qxa3
35.Qd4+ Kh7 36.Qf6 Rhf8 37.Qxh4+ Kg7 38.Qf2 Qc3 39.Rdb5 Qxc4 40.g4 fxg4 
41.hxg4 Rfd8 42.Rxb6 Rxb6 43.Rxb6 Qc1+ 0-1

[Event "3rd Alicante it"]
[Site "Alicante ESP"]
[Date "1975.12.16"]
[Round "10"]
[White "Pomar Salamanca, Arturo"]
[Black "Hartston, William Roland"]
[Result "1/2-1/2"]
[WhiteElo "2450"]
[BlackElo "2475"]
[EventDate "1975.12.06"]
[PlyCount "25"]

1.d4 c5 2.c3 Nf6 3.Nf3 b6 4.Bg5 Bb7 5.Nbd2 e6 6.e3 Be7 7.Bd3 h6 8.Bh4 d6 
9.Qa4+ Nfd7 10.Bxe7 Qxe7 11.b4 O-O 12.O-O e5 13.dxe5 1/2-1/2

[Event "3rd Alicante it"]
[Site "Alicante ESP"]
[Date "1975.12.16"]
[Round "10"]
[White "Sanz Alonso, Francisco Javier"]
[Black "Tatai, Stefano"]
[Result "1/2-1/2"]
[WhiteElo "2320"]
[BlackElo "2455"]
[EventDate "1975.12.06"]
[PlyCount "82"]

1.c4 Nf6 2.g3 g6 3.Bg2 Bg7 4.Nc3 O-O 5.d3 d6 6.e3 e5 7.Nge2 c6 8.O-O Be6 
9.Bd2 Qd7 10.b4 d5 11.cxd5 Nxd5 12.Nxd5 Bxd5 13.Bc3 Rd8 14.d4 Bxg2 15.Kxg2
Qd5+ 16.Kg1 Qc4 17.Qd2 Nd7 18.Qb2 Nb6 19.a4 Nd5 20.Be1 exd4 21.Nxd4 Bxd4 
22.exd4 Re8 23.Rc1 Qd3 24.Rc2 Re4 25.b5 Rae8 26.Ba5 Re2 27.Rxe2 Rxe2 28.
Qc1 Qf3 29.Bd2 h5 30.h4 Kh7 31.bxc6 bxc6 32.a5 Qd3 33.Bg5 Rc2 34.Qb1 Nc3 
35.Qb7 Qf3 36.Bf4 Qd5 37.Be5 Ne2+ 38.Kh2 Nxd4 39.Bxd4 Qxd4 40.Qxa7 Qb2 41.
Qb6 Qf6 1/2-1/2

[Event "3rd Alicante it"]
[Site "Alicante ESP"]
[Date "1975.12.16"]
[Round "10"]
[White "Westerinen, Heikki"]
[Black "Durao, Joaquim Manuel"]
[Result "1-0"]
[WhiteElo "2475"]
[BlackElo "2350"]
[EventDate "1975.12.06"]
[PlyCount "76"]

1.e4 e6 2.d4 d5 3.Nd2 Nf6 4.e5 Nfd7 5.f4 c5 6.c3 Nc6 7.Ndf3 Qa5 8.Kf2 b5 
9.Bd2 Nb6 10.b3 c4 11.Ne2 Ba3 12.Ne1 Be7 13.g3 Bd7 14.Nc2 Qa6 15.Bg2 Qc8 
16.h4 h5 17.f5 exf5 18.Ne3 Be6 19.Nf4 Qd7 20.Nxh5 Rh7 21.Nf4 Na5 22.Rb1 
O-O-O 23.Qf3 g6 24.Rhc1 Bf8 25.Rc2 Bh6 26.Rcb2 Bxf4 27.Qxf4 a6 28.Bc1 Rg8 
29.Qf3 Rd8 30.Rc2 Rhh8 31.Ba3 Qc6 32.Be7 Rd7 33.Bc5 Nb7 34.Bxb6 Qxb6 35.
bxc4 dxc4 36.a4 Rdd8 37.axb5 a5 38.Qe2 Rxd4 1-0

[Event "3rd Alicante it"]
[Site "Alicante ESP"]
[Date "1975.12.17"]
[Round "11"]
[White "Durao, Joaquim Manuel"]
[Black "Palacios de la Prida, Ernesto"]
[Result "1-0"]
[WhiteElo "2350"]
[BlackElo "2330"]
[EventDate "1975.12.06"]
[PlyCount "75"]

1.e4 d6 2.d4 g6 3.Nc3 Bg7 4.Be3 c6 5.f3 Nd7 6.Qd2 a6 7.Nh3 b5 8.a4 Nb6 9.
Nf2 Bb7 10.a5 Nc4 11.Bxc4 bxc4 12.Na4 d5 13.Nb6 Ra7 14.Rb1 Nf6 15.b3 cxb3 
16.Rxb3 O-O 17.O-O Bc8 18.e5 Nd7 19.Nd3 f6 20.Nxc8 Qxc8 21.e6 Nb8 22.Rfb1 
Ra8 23.Nc5 g5 24.Rb7 Qd8 25.h4 h6 26.hxg5 fxg5 27.Bf2 Qd6 28.Qe1 g4 29.c3 
Qf4 30.Bg3 Qg5 31.fxg4 Qxg4 32.Rxb8 Bxd4+ 33.cxd4 Raxb8 34.Rxb8 Rxb8 35.
Bxb8 Qxd4+ 36.Qf2 Qd1+ 37.Qf1 Qd4+ 38.Kh1 1-0

[Event "3rd Alicante it"]
[Site "Alicante ESP"]
[Date "1975.12.17"]
[Round "11"]
[White "Hartston, William Roland"]
[Black "Westerinen, Heikki"]
[Result "1/2-1/2"]
[WhiteElo "2475"]
[BlackElo "2475"]
[EventDate "1975.12.06"]
[PlyCount "37"]

1.e4 e5 2.Nf3 Nc6 3.Bb5 a6 4.Ba4 d6 5.O-O Bd7 6.c4 g6 7.d4 Bg7 8.Bg5 f6 9.
Be3 Nh6 10.dxe5 Nxe5 11.Nxe5 dxe5 12.Nc3 c6 13.Qd2 Nf7 14.Bb3 Be6 15.Qc2 
O-O 16.Na4 f5 17.Nc5 Bc8 18.Na4 Be6 19.Nc5 1/2-1/2

[Event "3rd Alicante it"]
[Site "Alicante ESP"]
[Date "1975.12.17"]
[Round "11"]
[White "Keene, Raymond Dennis"]
[Black "Sanz Alonso, Francisco Javier"]
[Result "1-0"]
[WhiteElo "2505"]
[BlackElo "2320"]
[EventDate "1975.12.06"]
[Annotator "Keene,Raymond"]
[PlyCount "201"]

1.d4 Nf6 2.c4 g6 3.Nf3 Bg7 4.g3 c6 5.Bg2 d5 6.Nbd2 Ne4 7.cxd5 Nxd2 8.Bxd2 
Qxd5 $6 9.Bc3 O-O 10.O-O Qh5 11.Rc1 Nd7 12.e3 Nf6 13.Ne5 Qxd1 14.Rfxd1 Be6
15.b3 Nd5 16.Ba5 Rac8 17.Nd3 Bg4 18.Re1 g5 19.h3 Bh5 20.g4 Bg6 21.Ne5 Bxe5
22.dxe5 f6 23.exf6 ( {Era interesante} 23.e6 $5 ) 23...exf6 24.Red1 Bf7 
25.Bd2 Rfd8 26.Kf1 Be6 27.f4 gxf4 28.exf4 Ne7 29.Bc3 Kf7 30.Kf2 Bd5 31.Bf1
Rc7 32.Rd2 Rcd7 33.Rcd1 Be6 $2 34.Rxd7 Rxd7 35.Rxd7 Bxd7 36.Bd3 h6 37.Kg3 
b6 38.b4 Be6 39.a3 Ba2 ( {Otra alternativa era} 39...c5 ) 40.h4 $2 ( {Era 
mejor} 40.Bd4 $142 $1 ) 40...c5 41.bxc5 bxc5 42.Be4 f5 {!} 43.gxf5 Nd5 44.
Be5 a5 45.Kf2 Bb3 46.Ke2 Ke7 47.Kd2 h5 48.Bf3 Nf6 49.Bc7 a4 50.Bb6 Nd7 51.
Ba7 Kf6 52.Bc6 Ke7 53.Bf3 Kf6 54.Bxh5 Kxf5 55.Be8 Nf6 56.Bc6 Kxf4 57.Kd3 
Ng4 $2 ( {Era mejor} 57...Kg4 $142 ) 58.Kc3 Ne5 59.Be8 Kg4 60.h5 Nf7 61.
Bxc5 Kxh5 62.Kb4 Kg6 63.Bxa4 Bd5 $4 ( {Lo correcto era} 63...Bxa4 $1 ) 64.
Bd4 Kf5 65.Kc5 Ke6 66.Bd1 Bg2 67.Bg4+ Ke7 68.Kb6 Ng5 69.a4 Ne6 70.Be5 Kd7 
71.a5 Bf1 72.Bf3 Nd8 73.Bg3 Bc4 74.Be4 Be2 75.a6 Bxa6 76.Kxa6 Ke6 77.Kb6 
Nf7 78.Kc5 Ng5 79.Bb7 Kf5 80.Kd4 Ne6+ 81.Ke3 Kf6 82.Bd6 Kf5 83.Bc8 Kf6 84.
Bg3 Kf5 85.Kf3 Kf6 86.Ke4 Ng5+ $2 ( {Lo correcto era} 86...Ng7 $3 ) 87.Kd5
Nf7 $2 88.Bh4+ Kg6 89.Bd7 Ng5 90.Bg4 Kf6 91.Kd6 Kg6 92.Ke5 Nf7+ 93.Kf4 Kg7
94.Bh5 Nh6 95.Ke5 Ng8 96.Bg5 Kh7 97.Ke6 Kg7 98.Bc1 Kf8 99.Bb2 Nh6 100.Kf6 
Ng8+ 101.Kg6 1-0

[Event "3rd Alicante it"]
[Site "Alicante ESP"]
[Date "1975.12.17"]
[Round "11"]
[White "Rodriguez Vargas, Orestes"]
[Black "Pomar Salamanca, Arturo"]
[Result "1/2-1/2"]
[WhiteElo "2435"]
[BlackElo "2450"]
[EventDate "1975.12.06"]
[PlyCount "45"]

1.d4 Nf6 2.Nf3 b6 3.c4 Bb7 4.Nc3 e6 5.a3 Be7 6.d5 d6 7.e4 O-O 8.Be2 exd5 
9.exd5 c6 10.O-O cxd5 11.cxd5 Nbd7 12.b4 Ne5 13.Bb2 Nxf3+ 14.Bxf3 Nd7 15.
Ne2 Bf6 16.Nd4 Ne5 17.Be4 Rc8 18.Rc1 Rxc1 19.Qxc1 Qc8 20.Qb1 Re8 21.Rc1 
Qg4 22.Nf5 Qf4 23.h3 1/2-1/2

[Event "3rd Alicante it"]
[Site "Alicante ESP"]
[Date "1975.12.17"]
[Round "11"]
[White "Tatai, Stefano"]
[Black "Ochoa de Echaguen Estibalez, Francisco Javier"]
[Result "0-1"]
[WhiteElo "2455"]
[BlackElo "2200"]
[EventDate "1975.12.06"]
[PlyCount "108"]

1.e4 c5 2.Nf3 Nc6 3.d4 cxd4 4.Nxd4 Nf6 5.Nc3 e5 6.Ndb5 d6 7.Bg5 a6 8.Na3 
b5 9.Bxf6 gxf6 10.Nd5 f5 11.Bd3 Be6 12.Qh5 Bg7 13.c3 O-O 14.O-O f4 15.g4 
Ne7 16.Nc2 Bxd5 17.exd5 f5 18.Bxf5 Nxf5 19.gxf5 Qd7 20.Kh1 Rxf5 21.Qg4 Qf7
22.Nb4 a5 23.Nc6 Qxd5+ 24.Qg2 Qxg2+ 25.Kxg2 f3+ 26.Kh1 Kf7 27.a4 b4 28.
cxb4 axb4 29.a5 e4 30.a6 Rb5 31.Ra4 Bxb2 32.Nxb4 d5 33.Rd1 Ke6 34.a7 Be5 
35.Ra6+ Bd6 36.Nc2 Kd7 37.Ne3 Ke6 38.Nc2 Rc5 39.Ne3 Ke5 40.Ng4+ Ke6 41.Ne3
h5 42.h3 Ke5 43.Rg1 Be7 44.Rgg6 d4 45.Rge6+ Kf4 46.Rxe7 dxe3 47.Rf7+ Kg5 
48.fxe3 Kh4 49.Ra1 Kxh3 50.Kg1 Rc2 51.Rg7 Rh2 52.Ra5 h4 53.Kf1 Rc8 54.Ra1 
f2 0-1